Obálka Náhled e-knihy:
PDF Epub
Pro půjčování e-knih musíte být přihlášeni.
Jak si půjčit online?

Přemyslovské kroniky. Strážce svaté relikvie /

Je relikvie darem, nebo prokletím? Druhý díl historické detektivní série Přemyslovské kroniky.

Uloženo v:
Série:Detektivní příběh z doby Přemysla Otakara I., část 2
Hlavní autor: Kalenda, František, 1990- (Autor)
Médium: E-kniha
Jazyk:Czech
Vydáno: V Praze : Vyšehrad, 2025
Vydání:Vydání první
Témata:
Příbuzné jednotky:Z cyklu:: Detektivní příběh z doby Přemysla Otakara I.
Tagy:
Žádné tagy
LEADER 02705nam a2200481 i 4500
001 312804
003 CZ PrSKC
005 20260601215729.0
007 ta
008 250908s2025 xr g 000 f cze
015 |a cnb003707921 
020 |a 9788026732358  |q (vázáno) :  |c Kč 429,00 
035 |a (OCoLC)1544836211 
040 |a ABG001  |b cze  |e rda 
072 7 |a 821.162.3-3  |x Česká próza  |2 Konspekt 
080 |a 821.162.3-31  |2 MRF 
080 |a (0:82-311.6)  |2 MRF 
080 |a (0:82-312.4)  |2 MRF 
100 1 |a Kalenda, František,  |d 1990-  |7 xx0134168  |4 aut 
245 1 0 |a Přemyslovské kroniky.  |p Strážce svaté relikvie /  |c František Kalenda 
246 3 0 |a Strážce svaté relikvie 
250 |a Vydání první 
264 1 |a V Praze :  |b Vyšehrad,  |c 2025 
300 |a 284 stran ;  |c 21 cm 
336 |a text  |b txt  |2 rdacontent 
337 |a bez média  |b n  |2 rdamedia 
338 |a svazek  |b nc  |2 rdacarrier 
500 |a Podnázev na doplňkové titulní stránce: detektivní příběh z doby Přemysla Otakara I. 
500 |a Druhý díl trilogie 
520 2 |a Je relikvie darem, nebo prokletím? Druhý díl historické detektivní série Přemyslovské kroniky.  |b Mikuláš z Bíliny a normanský lazarián Robert z Tarentu sotva dopadli viníky série krutých vražd a už se musejí zabývat dalším důležitým případem, který ohrožuje vládu krále Přemysla Otakara I. Na slavnostní hostině totiž někdo ukradl hřeb z Kristova kříže, vzácný dar od mladičkého císaře Fridricha II. Pátrání po zloději, který po sobě zanechává mrtvoly, zavane vyšetřovatele na místa po celé Praze a okolí, do staré Plzně, kláštera v Chotěšově i do daleké Basileje. Dovede je stopa krve až k pravdě? Nakladatelská anotace. 
655 7 |a české romány  |7 fd133974  |2 czenas 
655 7 |a historické romány  |7 fd132414  |2 czenas 
655 7 |a detektivní romány  |7 fd132010  |2 czenas 
655 9 |a Czech fiction  |2 eczenas 
655 9 |a historical novels  |2 eczenas 
655 9 |a detective novels  |2 eczenas 
787 0 8 |i Z cyklu:  |t Detektivní příběh z doby Přemysla Otakara I.  |g 2 
900 |a ABA001  |b 21 
928 9 |a Albatros Media - Vyšehrad 
044 |a xr 
910 |a RBIT002 
998 |d 422262  |a https://core.palmknihy.cz/api/books/422262/cover?t25fwp  |b https://core.palmknihy.cz/api/books/422262/cover/400?t25fwp  |c https://core.palmknihy.cz/api/books/422262/cover/50?t25fwp  |e 2032-12-31  |g 288  |i 9788026732358  |j https://core.palmknihy.cz/api/books/422262/preview.epub  |k https://core.palmknihy.cz/api/books/422262/preview.pdf  |l   |q 49  |r 1  |s https://www.palmknihy.cz/kniha/422262  |t ebook  |y 2025  |z 0  |v Detektivní příběh z doby Přemysla Otakara I.  |w 2 
999 |d 312802